Las islas invitadas
Saved in:
| Hovedforfatter: | |
|---|---|
| Format: | Bog |
| Sprog: | spansk |
| Udgivet: |
Madrid
Castalia
1972
|
| Serier: | Clásicos Castalia, 56
|
| Fag: | |
| Tags: |
Tilføj Tag
Ingen Tags, Vær først til at tagge denne postø!
|
MARC
| LEADER | 00000nam a2200000 a 4500 | ||
|---|---|---|---|
| 001 | UCQ1343 | ||
| 003 | CL-VaPUC | ||
| 008 | 980709e19720000SP |||||||||||||||||spa|d | ||
| 082 | 0 | 4 | |a 861 |b ALT |2 21 |
| 100 | 0 | |a Altolaguirre, Manuel |e author |9 415103 | |
| 245 | 1 | 4 | |a Las islas invitadas |
| 300 | |a 162 p | ||
| 942 | |c BK | ||
| 945 | |d 19980709 00:00:00 |a lriquelm | ||
| 260 | |a Madrid |b Castalia |c 1972 | ||
| 650 | 0 | |a Poesías españolas |9 265100 | |
| 650 | 0 | |a Literatura española |9 306261 | |
| 583 | |a last modification |c 19980709 00:00:00 |k Rodrigo Vera | ||
| 490 | 0 | |a Clásicos Castalia, 56 | |
| 999 | |c 272343 |d 272341 | ||
| 952 | |0 0 |1 0 |4 0 |6 861_000000000000000_ALT_1972 |7 0 |8 A |9 307244 |a BIBEDU |b BIBEDU |c ES_NOD |d 2019-11-20 |i 143473K |o 861 ALT 1972 |p 143473K |r 2023-08-09 |w 2019-11-20 |y BK |k LIT | ||